000 00454nam a22001457a 4500
005 20180821141419.0
020 _a8126904828
_c695.00
035 _aB-161018, B-161022, B-161022
037 _aDPL
_bENG
100 _aSharma, C.K.
245 _aA practice-handbook of classified catalogue /
_cby C.K. Sharma
260 _aNew Delhi
_bAtlantic Publishers and Distributors
300 _aiii, 369p.
_c20 cms.
942 _2ddc
_cEN
_h025.34
_mSHA
999 _c63527
_d63527